Jugadores del Racing de Santander desde 2010 - Estadísticas

Estadísticas generales
  • Esta prueba ha sido intentada 83 veces
    38 desde el último reinicio
  • La puntuación promedio es 64 de 269
Estadísticas de respuestas
Respuesta % Correcto
Arana
86%
Iñigo Vicente
86%
J.C. Arana
86%
Andrés Martín
80%
Ezkieta
80%
Iñigo
77%
Munitis
77%
Manu Hernando
74%
Mario Fernández
74%
Mario García
74%
Mario Ortiz
74%
Aldasoro
71%
Sangalli
71%
Saúl
71%
Miquel Parera
69%
Carlos Castro
66%
Javi Castro
66%
Mantilla
66%
Colsa
63%
Pablo Torre
63%
Karrikaburu
60%
Maguette
60%
Michelin
60%
Toño
60%
Pablo Rodríguez
57%
Ekain
54%
Peque
54%
Pinillos
54%
Suleiman
54%
Lago Junior
51%
Montero
51%
Salinas
51%
Sergio Pérez
51%
Sergio Ruiz
51%
Soko
51%
Vencedor
51%
Cedric
49%
Dani Fernández
49%
Buñuel
46%
Juan Gutiérrez
46%
Koné
46%
Pol Moreno
46%
Germán Parreño
43%
Germán Sánchez
43%
Iván Crespo
43%
Marco Camus
43%
Mboula
43%
Meseguer
43%
Rubén Alves
43%
Sergio Camus
43%
Álvaro García
40%
Álvaro González
40%
Dani Aquino
40%
Jeremy
40%
Matías Aquino
40%
Yeray
37%
Abdón Prats
34%
Borja Granero
34%
Cejudo
34%
Isma López
34%
Jairo
34%
Jordi Figueras
34%
Luca Zidane
34%
Stuani
34%
Migue
31%
Morante
31%
Óscar Fernández
31%
Óscar Serrano
31%
Roko Baturina
31%
Tchité
31%
Yoda
31%
A. Santamaría
29%
Borja San Emeterio
29%
Carlos Álvarez
29%
Dani Sotres
29%
Fede San Emeterio
29%
Heber Pena
29%
Lucas Díaz
29%
Matheus
29%
Santamaría
29%
Adrián Balboa
26%
Alexis Ruano
26%
Barral
26%
David Concha
26%
Enzo Lombardo
26%
Gio Dos Santos
26%
Jon Ander
26%
Lacen
26%
Pape Diop
26%
Pombo
26%
Sekou Gassama
26%
Álvaro Peña
23%
Bernardo Cruz
23%
Bernardo Espinosa
23%
Borja Domínguez
23%
Borja García
23%
Carrascal
23%
Cayarga
23%
Cisma
23%
Fausto Tienza
23%
Franco Acosta
23%
Guillermo
23%
Juanjo
23%
Juergen
23%
Kennedy
23%
Kitoko
23%
Lautaro Acosta
23%
Mariano
23%
Nuha
23%
Pau Miguélez
23%
Pedro Orfila
23%
Quique González
23%
Satrústegui
23%
Torrejón
23%
Unai Medina
23%
Adrián Gonzalez
20%
Bobadilla
20%
Bocanegra
20%
Dioni Villalba
20%
Francis
20%
Grenier
20%
Henrique
20%
Javi Barrio
20%
Lars Gerson
20%
Miguélez
20%
Nico Hidalgo
20%
Nkaka
20%
Olaortua
20%
Oriol
20%
Óscar Gil
20%
Riki Rodríguez
20%
Rosenberg
20%
Siverio
20%
Alfon
17%
Álvaro Bustos
17%
Ayina
17%
Bernardo Matic
17%
Borja Docal
17%
Córcoles
17%
Coulibaly
17%
Diego Díaz
17%
Gai Assulin
17%
Jack Harper
17%
Joan Maynau
17%
Jon García
17%
Juanpe
17%
Martín Solar
17%
Nahuelpan
17%
Tziolis
17%
Alberto Gómez
14%
Ander Lafuente
14%
Antonio Tomás
14%
Artiles
14%
Arturo Molina
14%
David Rodríguez
14%
Gonzalo
14%
Gonzalo Herrero
14%
Gullón
14%
Isma Cerro
14%
Javi Soria
14%
Julen Castañeda
14%
Julián Luque
14%
Laro Setién
14%
Luan Cappani
14%
Manu Justo
14%
Moi Delgado
14%
Nana
14%
Papunashvili
14%
Raúl Domínguez
14%
Raúl Fernández
14%
Rubén Durán
14%
Sylla
14%
Abraham Minero
11%
Adán Gurdiel
11%
Adán Pérez
11%
Andreu
11%
Ayoub Jabbari
11%
Bouazza
11%
Ceballos
11%
César Díaz
11%
Dani Rodríguez
11%
Dani Segovia
11%
De La Hoz
11%
De Vicente
11%
Diego Campo
11%
Gándara
11%
Javi Vázquez
11%
Jerín Ramos
11%
Óscar Santiago
11%
Ponce
11%
Pumpido
11%
Quique Rivero
11%
Redru
11%
Samuel Llorca
11%
Santi Jara
11%
Toribio
11%
Villapalos
11%
Babacar
9%
Beobide
9%
Borja Galán
9%
Borja Lázaro
9%
Chus Puras
9%
Cristian Fernández
9%
David Carmona
9%
David Ferreiro
9%
Edu Bedia
9%
Iñaki Sáenz
9%
Ismael Benktib
9%
Iván Bolado
9%
Jorge Alonso
9%
Jorrín
9%
Juanmi
9%
Mirapeix
9%
Noguera
9%
Óscar Pérez
9%
Pablo Andrade
9%
Quini
9%
Regalón
9%
Rulo
9%
Saizar
9%
Samuel
9%
Sergio Marcos
9%
Soberón
9%
Traver
9%
Tresaco
9%
Alaín
6%
Bontempo
6%
Bustillo
6%
César Caneda
6%
Crespí
6%
Dalisson
6%
Dani González
6%
Dorca
6%
Goñi
6%
Javi Cobo
6%
Kaludjerovic
6%
Longás
6%
Montiel
6%
Musy
6%
Nando
6%
Pablo Goñi
6%
Rochela
6%
Tato
6%
Tiago Pinto
6%
Zárraga
6%
Agustín Fernández
3%
Caye Quintana
3%
Dani Bautista
3%
Héctor Yuste
3%
Isuardi
3%
Jorge Delgado
3%
Leandro
3%
Osmar
3%
Picón
3%
Ruymán
3%
Simón Luca
3%
Somavilla
3%
Valdo
3%
Víctor Badiola
3%
Chus Hevia
0%
Collantes
0%
Israel Puerto
0%
Iván Moreno
0%
Jandro
0%
Javi Martínez
0%
Kamal
0%
Nieto
0%
Ramón Arcas
0%
Sañudo
0%
No se encontraron pruebas coincidentes
Distribución de puntuación
Porcentaje de gente con cada puntuación
Porcentaje por número respondido
Historial de tus puntuaciones
No has intentado esta prueba desde el último reinicio